<?xml version="1.0" encoding="UTF-8"?>
<collection xmlns="http://www.loc.gov/MARC21/slim">
<record>
  <controlfield tag="001">1964</controlfield>
  <controlfield tag="005">20160701171656.0</controlfield>
  <datafield tag="024" ind1="7" ind2=" ">
    <subfield code="a">10.1051/0004-6361:20034543</subfield>
    <subfield code="2">DOI</subfield>
  </datafield>
  <datafield tag="037" ind1=" " ind2=" ">
    <subfield code="a">ASTROimport-121</subfield>
  </datafield>
  <datafield tag="100" ind1=" " ind2=" ">
    <subfield code="a">Arentoft, T.</subfield>
  </datafield>
  <datafield tag="260" ind1=" " ind2=" ">
    <subfield code="c">2004</subfield>
  </datafield>
  <datafield tag="245" ind1=" " ind2=" ">
    <subfield code="a">On the δ Scuti star in the eclipsing binary WX Eridani</subfield>
  </datafield>
  <datafield tag="520" ind1=" " ind2=" ">
    <subfield code="a">WX Eri is an eclipsing binary system for which one component was reported to show δ Scuti type pulsations with periods close to integer fractions of the orbital period. This makes it an interesting candidate for investigating the interaction between binarity and pulsation and a potential new member of the recently defined group of mass-accreting pulsating components (gainers) in semi-detached Algol binaries called ``oscillating EA'' stars. We present new photometric time-series observations of this star. The Wilson-Devinney code was applied to find the best fitting model for the eclipsing binary's light curve. The aim of the observations was to investigate the short-period δ Scuti type pulsations of WX Eri. However, no evidence for the presence of such oscillations was found in our data. Based on observations obtained at the South African Astronomical Observatory, ESO, Las Campanas, Beersel Hills, Hoher List and Esteve Duran Observatories. Table 2 is available in electronic form via anonymous ftp to cdsarc.u-strasbg.fr (130.79.128.5) or via http://cdsweb.u-strasbg.fr/cgi-bin/qcat?J/A+A/418/249 </subfield>
  </datafield>
  <datafield tag="700" ind1=" " ind2=" ">
    <subfield code="a"> Lampens, P.</subfield>
  </datafield>
  <datafield tag="700" ind1=" " ind2=" ">
    <subfield code="a"> Van Cauteren, P.</subfield>
  </datafield>
  <datafield tag="700" ind1=" " ind2=" ">
    <subfield code="a"> Duerbeck, H. W.</subfield>
  </datafield>
  <datafield tag="700" ind1=" " ind2=" ">
    <subfield code="a"> García-Melendo, E.</subfield>
  </datafield>
  <datafield tag="700" ind1=" " ind2=" ">
    <subfield code="a"> Sterken, C.</subfield>
  </datafield>
  <datafield tag="773" ind1=" " ind2=" ">
    <subfield code="p">Astronomy and Astrophysics</subfield>
    <subfield code="v">418</subfield>
    <subfield code="y">2004</subfield>
    <subfield code="c">249-254</subfield>
  </datafield>
  <datafield tag="856" ind1="4" ind2="2">
    <subfield code="a">http://esoads.eso.org/abs/2004A%26A...418..249A</subfield>
  </datafield>
  <datafield tag="905" ind1=" " ind2=" ">
    <subfield code="a">published in</subfield>
  </datafield>
  <datafield tag="980" ind1=" " ind2=" ">
    <subfield code="a">REFERD</subfield>
  </datafield>
</record>
</collection>